000
00320nam a2200133Ia 4500
005
20251222141803.0
008
251222s9999||||xx |||||||||||||| ||spa||
020
_a
978-9972-223-62-4
082
_a
233.2/A69
100
_a
Arens, Eduardo
245
0
_a
Adam:
264
_b
Universidad Antonio Ruiz de Montoya
942
_c
LIB
999
_c
6202
_d
6202